EL CREDO ARTISTICO /

TRADUCCION DE: THE FAITH OF AN ARTIST

Guardat en:
Dades bibliogràfiques
Altres autors: Wilson, John (selección) (selección)
Format: Llibre
Col·lecció:TESTIMONIOS; 2
Matèries:
Etiquetes: Afegir etiqueta
Sense etiquetes, Sigues el primer a etiquetar aquest registre!

MARC

LEADER 00000nam^a2200000^a^4500
001 000231759
005 20250521000000.0
009 20260310104532.562
035 |a 055281 
037 |a Acervo Xavier Clavigero 
082 |a 701. 18  |b CRE 
245 1 3 |a EL CREDO ARTISTICO /  |c SELEC. JOHN WILSON; TR. JOSE MENDEZ HERRERA 
264 |a MADRID :  |b NORTE Y SUR,  |c 1966 
300 |a 245p. 
336 |a texto  |b txt  |2 rdacontenido 
337 |a sin mediación  |b n  |2 rdamedio 
338 |a volumen  |b nc  |2 rdasoporte 
440 |a TESTIMONIOS;  |v 2 
520 |a TRADUCCION DE: THE FAITH OF AN ARTIST 
649 |a XX 
650 |a Arte -  |x Historia y Crítica 
700 |a Wilson, John  |e (selección) 
910 |a Fondo General 
920 |a Impresos - Libros 
930 |a Colección General 
905 |a 101 
901 |a 055281  |b IT1  |c ACC  |i 055281  |u 20250521 
902 |a https://opac.biblio.iteso.mx/vufind/Record/000231759